Выбор оптимальной скорости теплоносителя в водных тепловых сетях: Отчет о НИР

書誌詳細
団体著者: Томский политехнический институт (ТПИ) (070)
その他の著者: Шадрин Е. Н. (руководитель), Попов Н. А. (исполнитель)
言語:ロシア語
出版事項: Томск, 1964
主題:
フォーマット: 図書
KOHA link:https://koha.lib.tpu.ru/cgi-bin/koha/opac-detail.pl?biblionumber=189548

MARC

LEADER 00000nbm0a2200000 4500
001 189548
005 20231031175308.0
035 |a (RuTPU)RU\TPU\book\206201 
090 |a 189548 
100 |a 20101227d1964 k y0rusy50 ca 
101 0 |a rus 
102 |a RU 
105 |a a p 001zy 
200 1 |a Выбор оптимальной скорости теплоносителя в водных тепловых сетях  |e Отчет о НИР  |f Томский политехнический институт (ТПИ) ; руководитель Е. Н. Шадрин ; Н. А. Попов 
210 |a Томск  |d 1964 
215 |a 10 л. 
320 |a Библиогр.: с. 9. 
610 1 |a отчеты о НИР 
610 1 |a научные исследования 
610 1 |a теплоносители 
610 1 |a водные тепловые сети 
610 1 |a выбор 
675 |a 621.11-176  |v 3 
702 1 |a Шадрин  |b Е. Н.  |4 673 
702 1 |a Попов  |b Н. А.  |4 677 
712 0 2 |a Томский политехнический институт (ТПИ)  |c (1944-1991)  |2 stltpush  |3 (RuTPU)RU\TPU\col\1123  |4 070 
801 1 |a RU  |b 63413507  |c 20101227 
942 |c BK